01013 a2200157 45000010006000000050017000060080041000230030015000640400040000790800076001192450080001952640057002753000019003325050479003511000025008303024420260407155614.0260407a1972 arg spa dAR-UNSa-BCEJYS aAR-UNSa-BCEJYSbspacAR-UNSa-BCEJYS a657.23xCompensaciones. Correcciones. Ajustes (devaluación monetaria)10aEmpresa e inflaciónpestrategia de empresa enuna economía inflacionaria 1aBuenos Aires :bEdiciones Contabilidad Modernac1972 a284 p.c23 cm. a1. La inflación y la información contable - 2. Medición de la inflación - 3. Deflación de estados contables - 4. Análisis del ajuste por inflación - 5. Análisis de balances deflacionados - 6. Metodo aproximado de deflación - 7. Concepto de estrategia antiflacionaria - 8. Política de crédito - 9. Política de endeudamiento - 10. Activos y pasivos en moneda extranjera - 11. Política de inventarios - 12. Política de inversiones - 13. Conclusiones1 aBertoletti, Mario E.